All studio albums by Green Day - Statistics

General Stats
  • This quiz has been taken 17 times
  • The average score is 13 of 14
Answer Stats
Hint Answer % Correct
2004 American Idiot
100%
1994 Dookie
100%
2012 ¡Dos!
100%
1991 Kerplunk
100%
1997 Nimrod
100%
2012 ¡Tré!
100%
2012 ¡Uno!
100%
1990 39/Smooth
93%
2020 Father of All Motherfuckers
93%
1995 Insomniac
93%
2024 Saviors
93%
2000 Warning
93%
2009 21st Century Breakdown
87%
2016 Revolution Radio
87%
No matching quizzes found
Score Distribution
Percent of People with Each Score
Percentile by Number Answered
Your Score History
You have not taken this quiz